{"text_format":"3","workbook":"xlsx","n_sheets":3,"sheets":["封面","汇总表","临时大门、围墙清单"],"not_rendered":{"defined_names":2},"read":"whole","date_system":"1900"}

{"sheet":"封面","index":0,"n_rows":8,"n_cols":7,"rows_kept":8,"merged":[[0,0,0,7],[1,0,3,7],[4,0,4,1],[4,2,4,5],[5,0,5,1],[5,2,5,5],[6,0,6,6],[7,0,7,1],[7,2,7,5],[8,0,8,6]]}
["\n临漳公园公交首末站项目临时大门和围墙专业分包工程\n"]
["工程量清单报价书"]
[]
[]
["      报价单位：",{"$nulls":5},"(单位盖公章)"]
["法定代表人：",{"$nulls":5},"(签字或盖章)"]
[]
["   编制时间：",null,"2020年08月 09 日"]

{"sheet":"汇总表","index":1,"n_rows":11,"n_cols":6,"rows_kept":11,"merged":[[0,0,0,5],[1,0,1,5],[2,2,2,4],[3,2,3,4],[5,0,5,5]]}
[{"$f":"封面!A1","v":"\n临漳公园公交首末站项目临时大门和围墙专业分包工程\n"}]
["招标控制价汇总表"]
["序号","项目","招标控制价（元）\n",null,null,"备注"]
[1,"临时大门和围墙工程清单",{"$f":"'临时大门、围墙清单'!J18","v":{"v":248358.5018570817,"d":"248,358.50"}}]
[2,"其中报价（增值税）","税率",{"v":0.09,"d":"9%"},{"$f":"C4/(1+D5)*D5","v":{"v":20506.665290951696,"d":"20506.67"}},"税率由投标单位根据自身情况自身填报，后期开票税率应与填报税率一致"]
["备注：上述报价采用暂定价具体详各分项编制说明"]
["投标单位（签章）："]
[]
["法定代表人或授权委托人："]
[]
["日期："]

{"sheet":"临时大门、围墙清单","index":2,"n_rows":18,"n_cols":11,"rows_kept":18,"merged":[[0,0,0,10],[1,0,1,10],[2,0,3,0],[2,1,3,1],[2,2,3,2],[2,3,3,3],[2,4,3,4],[2,5,3,5],[2,7,3,7],[2,8,3,8],[2,9,3,9],[2,10,3,10],[4,10,15,10],[17,1,17,5]]}
["临漳公园公交首末站项临时大门和围墙专业分包工程"]
["招标控制价清单"]
["序号","分部分项工程","工程项目特征","计量单位","工程量   ","综合单价\n（元，不含税）","税金","综合单价\n（元，含税）","合价（不含税）","合价(含税)","备注"]
[{"$nulls":6},{"v":0.09,"d":"9.00%"}]
[1,"临时大门","1、详见临时大门设计图纸\n2、按招标人图纸要求制作并安装临时大门、员工通道，包括门上各类喷绘图案和文字，包工包料；","项",{"v":1,"d":"1.00"},{"v":7500,"d":"7500.00"},{"$f":"F5*$G$4","v":{"v":675,"d":"675.00"}},{"$f":"F5+G5","v":{"v":8175,"d":"8175.00"}},{"$f":"E5*F5","v":{"v":7500,"d":"7500.00"}},{"$f":"E5*H5","v":{"v":8175,"d":"8175.00"}},"工程量清单编制说明\n一、招标范围：总承包合同、施工图纸及招标人提供的临建图纸范围内所表明的临时大门和围墙工程（包工期、包质量、包安全、包工、包料、包机具、包检测、包测量等）及工程量清单、设计变更、业主要求增加、工程联系单等要求的工作内容。投标人一旦中标，必须负责承包范围内所有工程的施工、验收、决算、保修等全部实施过程，同时也负责所在施工区域的文明施工及安全保护措施。\n围墙基础开挖机械由招标人提供。\n二、编制依据：\n1、临漳公园公交首末站项目图纸\n2、《建设工程工程量清单计价规范》GB50500－2013，2018版《安徽省建设工程工程量清单计价办法》（建筑工程、装饰装修工程、安装工程、市政工程、景观园林工程）\n三：清单编制说明：\n1、工程量清单列出的每个细目已包括涉及与该细目有关的全部工程内容，投标人须自行综合考虑施工放坡、支护、排水以及相关其他施工内容工作面宽度，投标人应将工程量清单与招标文件、合同通用\n条款、专用条款以及技术规范和会议纪要文件一起对照阅读。\n2、投标人必须注意，投标时所报的综合单价须是包含完成清单分项工程的所有工作内容及所需采取相应技术措施、施工方案等费用的报价。\n3、投标人须认真阅读与项目有关的招标文件、会议纪要文件等，并通过现场勘查，考虑周边环境及施工期间可能出现的事宜，确定其各项可能产生的费用，且已包含在投标报价中，工程结算时不再调整该部分的费用。\n4、措施项目费：清单所列项目仅供参考，投标人应根据其自行编制的施工组织设计文件，结合企业的技术装备情况，自行确定措施项目，但投标人必须是对施工现场实际勘察后结合工程经验，对所有的措施项目作出措施报价，没有报价的，视为已含在其他项目的报价中。一旦中标，措施项目费用不再调整。\n5、投标人应填写工程量清单中所有工程细目的价格，凡技术规范和图纸中注明的工程内容，如在清单中未列项，均应视为包含中其它相关项目中。\n6、投标人对工程量清单有任何疑问，应于招标文件规定的疑问提交截止日前提出，否则视为投标人认可该工程量清单已包括了招标范围的全部内容。\n\n\n\n7、清单描述不明确的，以会议纪要文件和相关施工验收规范、图集为准；清单与会议纪要文件标准不一致的，以业主要求为准。\n8、投标单位自行勘察现场，满足业主及工程规范要求。"]
[2,"回填方","1、填方材料品种：原土回填\n2、人工配合土方分包单位回填","m3",262.99,{"v":0.4,"d":"0.40"},{"$f":"F6*$G$4","v":{"v":0.036,"d":"0.04"}},{"$f":"F6+G6","v":{"v":0.436,"d":"0.44"}},{"$f":"E6*F6","v":{"v":105.19600000000001,"d":"105.20"}},{"$f":"E6*H6","v":{"v":114.66364,"d":"114.66"}}]
[3,"人工清底","1、土壤类别：一、二类土\n2、其他详见图纸","m2",{"v":34.4,"d":"34.40"},{"v":7,"d":"7.00"},0.63,7.63,{"v":240.79999999999998,"d":"240.80"},{"v":262.472,"d":"262.47"}]
[4,"基础垫层","1、厚度：100mm\n2、材料品种及比例：商品混凝土，其他详见图纸","m3",{"v":23.3,"d":"23.30"},{"v":508.931467,"d":"508.93"},{"v":45.803832029999995,"d":"45.80"},{"v":554.73529903,"d":"554.74"},{"v":11858.103181100001,"d":"11858.10"},{"v":12925.332467399,"d":"12925.33"}]
[5,"实心砖墙","1.标准砖墙 墙厚240，其他详见图纸","m3",179.45,{"v":493.55100000000004,"d":"493.55"},{"v":44.41959,"d":"44.42"},{"v":537.97059,"d":"537.97"},{"v":88567.72695,"d":"88567.73"},{"v":96538.82237549999,"d":"96538.82"}]
[6,"扶手、压顶","1、混凝土种类：1：3细石混凝土\n2、混凝土强度等级：详见图纸\n3、细石混凝土找坡压顶，其他详见图纸","m3",16.07,{"v":572.814481,"d":"572.81"},{"v":51.553303289999995,"d":"51.55"},{"v":624.36778429,"d":"624.37"},{"v":9205.12870967,"d":"9205.13"},{"v":10033.590293540301,"d":"10033.59"}]
[7,"墙基防潮层","1、20mm厚1：2水泥砂浆（掺适量防水剂），其他详见图纸","m2",19.63,{"v":17.897292000000004,"d":"17.90"},{"v":1.6107562800000004,"d":"1.61"},{"v":19.508048280000004,"d":"19.51"},{"v":351.32384196000004,"d":"351.32"},{"v":382.9429877364001,"d":"382.94"}]
[8,"墙面一般抹灰","1、抹灰方式：双面抹灰\n2、面层厚度、砂浆配合比：20mm厚，其他详见图纸","m2",578.76,{"v":19.183761,"d":"19.18"},{"v":1.72653849,"d":"1.73"},{"v":20.91029949,"d":"20.91"},{"v":11102.79351636,"d":"11102.79"},{"v":12102.0449328324,"d":"12102.04"}]
[9,"外墙真石漆","1、详见图纸设计，其他详见图纸","m2",578.76,{"v":53.756604,"d":"53.76"},{"v":4.83809436,"d":"4.84"},{"v":58.59469836,"d":"58.59"},{"v":31112.172131040003,"d":"31112.17"},{"v":33912.2676228336,"d":"33912.27"}]
[10,"现浇构件钢筋","1、钢筋种类、规格：φ10以内；\n2、HRB400;其他详见图纸","t",{"v":2,"d":"2.00"},{"v":3521.9961179999996,"d":"3522.00"},{"v":316.97965062,"d":"316.98"},{"v":3838.9757686199996,"d":"3838.98"},{"v":7043.992235999999,"d":"7043.99"},{"v":7677.951537239999,"d":"7677.95"}]
[11,"外脚手架","1.钢管脚手架 20m以内，其他详见图纸","m2",981.71,{"v":20,"d":"20.00"},{"v":1.7999999999999998,"d":"1.80"},{"v":21.8,"d":"21.80"},{"v":19634.2,"d":"19634.20"},{"v":21401.278000000002,"d":"21401.28"}]
[12,"铁艺栏杆","1、成品方钢，规格样式甲方自选\n2、暂定价，其他详见图纸","m",{"v":290.8,"d":"290.80"},{"v":138,"d":"138.00"},12.42,150.42,{"v":40130.4,"d":"40130.40"},{"v":43742.136,"d":"43742.14"}]
[13,"措施费","包含但不仅限于环境保护费、安全文明措施、临时设施费（含临时道路、钢板铺设等）、冬雨季施工、夜间施工费、机械进出场费、场地处理措施费、已完工程保护费、中标人应该办理的保险费、环评、政府文件要求等为完成本工程所需的所有措施；因大气管控等因素造成的停工费用；此项总价包干，结算不再调整；","项",{"v":1,"d":"1.00"},{"v":1000,"d":"1000.00"},{"$f":"F17*$G$4","v":{"v":90,"d":"90.00"}},{"v":1090,"d":"1090.00"},{"v":1000,"d":"1000.00"},{"v":1090,"d":"1090.00"},"施工单位综合考虑报价，价格一次性包干结算不作调整"]
[null,"总价(元)",{"$nulls":6},{"$f":"SUM(I5:I17)","v":{"v":227851.83656613,"d":"227851.84"}},{"$f":"SUM(J5:J17)","v":{"v":248358.5018570817,"d":"248358.50"}}]